00983nam a2200277Ia 450000500170000000800410001702000180005810000370007624500690011325000190018230000560020149000160025765000390027365000430031265000410035565000390039665000390043570000310047474000400050526400260054533600270057133700330059833800280063104000350065908400110069420220317001018.0160825s2009 ck g 000 0 spa  a97895804220121 aStendhal, Henry Beyled1783-184210aRojo y negrocStendhal ; traducido por Hernando Valencia Goelkel a1a. edición  a590, 75 páginas (En paginación variada)c24 cm  aCara y cruz142LEMBaNovela francesa ySiglo XIX 142LEMBaLiteratura francesa ySiglo XIX 142LEMBaAristocracia en la literatura 142LEMBaAmbición en la literatura 142LEMBaPolítica en al literatura 1 aValencia Goelkel, Hernando aA propósito de Stendhal y su obra aBogotábNormac2009 atextobtxt2rdacontent asin mediaciónbn2rdamedia avolumenbnc2rdacarrier aCO-BoRNBPbspaerdacCO-BoRNBP aN STE3